Práca, mzdy a odmeňovanie mesačník s bezkonkurenčným počtom aktualít a tipov z personálneho a mzdového poradenstva

Uložené v:
Podrobná bibliografia
Médium: Seriál
Jazyk:Slovak
Vydavateľské údaje: Žilina Poradca podnikateľa 2021
Tagy: Pridať tag
Žiadne tagy, Buďte prvý, kto otaguje tento záznam!

MARC

LEADER 00000nas2a2200000 4500
001 0280636
005 20240823133458.7
022 |a 1335-7115 
041 0 |a slo 
044 |a SK 
245 1 0 |a Práca, mzdy a odmeňovanie  |b mesačník s bezkonkurenčným počtom aktualít a tipov z personálneho a mzdového poradenstva 
264 1 |a Žilina  |b Poradca podnikateľa  |c 2021 
773 0 |w eu_un_cat*0036177 
774 0 |w eu_un_cat*0303822